| 000 | 01211cam a2200325 i 4500 | ||
|---|---|---|---|
| 999 |
_c200444635 _d62847 |
||
| 003 | TR-AnTOB | ||
| 005 | 20211026155046.0 | ||
| 007 | ta | ||
| 008 | 171110s2001 tu $r01 $$$$ tur utur | ||
| 040 |
_aTR-AnTOB _beng _erda _cTR-AnTOB |
||
| 041 | 0 | _atur | |
| 044 | _ctu | ||
| 050 | _aKKX499 | ||
| 099 | _a346 ÖZE 2001 | ||
| 245 |
_aÖzel hukuk ve Anayasa mahkemesi kararları sempozyumu : _bbildiriler - tartışmalar, I : _b11 Mayıs 2001 / _cYayına hazırlayan Özlem Erişgin. |
||
| 246 | _aÖzel Hukuk ve Anayasa Mahkemesi Kararları Sempozyumu (1. : 2001) | ||
| 264 |
_aAnkara : _bBanka ve Ticaret Hukuku Araştırma Enstitüsü, _c2001. |
||
| 300 |
_a214 pages; _c24 cm. |
||
| 336 |
_atext _btxt _2rdacontent |
||
| 337 |
_aaracısız _bn _2rdamedia |
||
| 338 |
_avolume _bnc _2rdacarrier |
||
| 490 | 0 |
_aBanka ve Ticaret Hukuku Araştırma Enstitüsü ; _vyayın no. _a383. |
|
| 500 | _aBibliyografik bilgi içerir. | ||
| 650 | _aÖzel hukuk -- Türkiye -- Sempozyumlar. | ||
| 650 | _aPrivate law -- Turkey -- Symposiums. | ||
| 650 | _aAnayasa Mahkemesi -- Türkiye -- Sempozyumlar. | ||
| 650 | _aConstitutional Court -- Turkey -- Symposiums. | ||
| 942 |
_2lcc _cBK |
||